The greater glory /

Bibliographic Details
Main Author: Bacon, Jean
Format: Book
Language:English
Published: Bridport, Dorset ; San Leandro, Calif. : Prism Press, 1986.
Subjects:

MARC

Tag First Indicator Second Indicator Subfields
LEADER 00000cam a2200000 a 4500
001 in00000015909
005 20151007052630.0
008 870519s1986 enk b 00110 eng d
020 |a 0907061915 :  |c $10.95 
035 |a (OCoLC)15712710 
035 |9 AAA8590AM 
040 |a AZS  |c AZS  |d PIT  |d TXA  |d UtOrBLW 
041 1 |a eng  |h fre 
049 |a TXAM  |c [A10940348] 
050 4 |a CB481  |b .B3313 1986 
100 1 |a Bacon, Jean. 
240 1 4 |a Les saigneurs de la guerre.  |l English 
245 1 4 |a The greater glory /  |c Jean Bacon ; translated by Philip Bacon. 
264 1 |a Bridport, Dorset ;  |a San Leandro, Calif. :  |b Prism Press,  |c 1986. 
300 |a 187 pages ;  |c 22 cm. 
336 |a text  |b txt  |2 rdacontent 
337 |a unmediated  |b n  |2 rdamedia 
338 |a volume  |b nc  |2 rdacarrier 
500 |a Translation of: Les saigneurs de la guerre. 
504 |a Bibliography: pages [167]-184. 
500 |a Includes index. 
650 0 |a War and civilization. 
999 |a MARS 
999 f f |s e6bf825c-61e9-34f1-9dff-9e06e39cfd0a  |i 819f1213-329b-31d5-9ea4-2e0c7c0647bb  |t 0 
952 f f |p ric  |a Texas A&M University  |b Rellis Campus  |c Joint Library Facility  |d Remote Storage  |t 0  |e CB481 .B3313 1986  |h Library of Congress classification  |i unmediated -- volume  |m A14810940348 
998 f f |a CB481 .B3313 1986  |t 0  |l Remote Storage